00409nam a2200157Ia 4500003000400000008004100004040001600045082001300061100002200074245005000096260003400146300001000180490002400190650001500214650002200229GCL140319s9999 xx 000 0 eng d aGCL / cGCL04a843bO H1 aORMESSON, JEAN DE10aHISTOIRE DU JUIF ERRANT / cORMESSON, JEAN DE a[S.N] : bGALLIMARD ، c1995 a630 P aCOLLECTION FOLIOv004aLITERATURE04aFRENCH LITERATURE